Giáo trình lý thuyết chuyên môn nghề tiện /
Nội dung gồm các chương sau:
Shranjeno v:
| Glavni avtor: | |
|---|---|
| Format: | Knjiga |
| Jezik: | Vietnamese |
| Izdano: |
H. :
Lao động-Xã hội ,
2005
|
| Izdaja: | In lần thứ 1 |
| Teme: | |
| Oznake: |
Označite
Brez oznak, prvi označite!
|
| Thư viện lưu trữ: | Thư viện Trường CĐ Kỹ Thuật Cao Thắng |
|---|
| LEADER | 01850nam a2200397 a 4500 | ||
|---|---|---|---|
| 001 | TVCDKTCT4145 | ||
| 003 | Thư viện trường Cao đẳng Kỹ thuật Cao Thắng | ||
| 005 | 20051117000000 | ||
| 008 | 051117 | ||
| 980 | \ | \ | |a Thư viện Trường CĐ Kỹ Thuật Cao Thắng |
| 024 | |a RG_1 #1 eb0 i1 i5 | ||
| 041 | 0 | # | |a vie |
| 082 | # | # | |a 621.94 / |b Ph104T-l |
| 100 | 1 | # | |a Phạm Đình Thọ |
| 245 | 0 | 0 | |a Giáo trình lý thuyết chuyên môn nghề tiện / |c Phạm Đình Thọ |
| 250 | # | # | |a In lần thứ 1 |
| 260 | # | # | |a H. : |b Lao động-Xã hội , |c 2005 |
| 300 | # | # | |a 251tr. ; |c 27cm |
| 520 | # | # | |a Nội dung gồm các chương sau: |
| 520 | # | # | |a Chương 1: Dao tiện |
| 520 | # | # | |a Chương 2: Các hiện tượng xảy ra trong quá trình cắt |
| 520 | # | # | |a Chương 3: Độ chính xác gia công và năng suất lao động |
| 520 | # | # | |a Chương 4: Lý thuyết chung về công nghệ chế tạo |
| 520 | # | # | |a Chương 5: Tiện ngoài |
| 520 | # | # | |a Chương 6: Gia công mặt trụ trong |
| 520 | # | # | |a Chương 7: Gia công mặt trụ côn |
| 520 | # | # | |a Chương 8: Gia công ren đơn giản |
| 520 | # | # | |a Chương 9: Tiện ren phức tạp |
| 520 | # | # | |a Chương 10: Tiện ren truyền động |
| 520 | # | # | |a Chương 11: Gia công mặt định hình và trang trí bề mặt |
| 520 | # | # | |a Chương 12: Tiện lệch tâm - Cách thiết kế qui trình công nghệ |
| 520 | # | # | |a Chương 13: Cấu tao chung của máy tiện |
| 520 | # | # | |a Chương 14: Máy tiện vạn năng 1K62 |
| 650 | # | 4 | |a Cơ khí |
| 650 | # | 4 | |a Nghề tiện |
| 650 | # | 4 | |a Gia công mặt côn-Gia công mặt trụ-Tiện ren truyền đồng |